• 首页
  • 本馆介绍
  • 公告通知
  • 最新文献
  • 馆藏检索
  • 电子资源
  • 读者导购
  • 参考咨询
  • 我的图书馆
  • 登录
  • 详细信息显示
  • 放入我的书架
  • 预约/预借图书
  • 作者相关作品
  • 分类相关作品
  • 丛书相关作品
  • 出版社相关作品

书目信息

  • 表格格式
  • 工作单格式
  • 卡片格式
题名:
中文版InDesign标准培训教程
    
 
作者: 凤舞工作室 主编
分册:  
出版信息: 上海   上海科学普及出版社  2009
页数: 230页
开本: 26cm
丛书名:
单 册:
中图分类: TS803.23
科图分类:
主题词: 排版--教材--应用软件 , 应用软件
电子资源:
ISBN: 978-7-5427-4223-0
000 00997nam0 2200253 450
001 3669
005 20160927090707.10
010    @a978-7-5427-4223-0@b平装@dCNY23.80
100    @a20090104d2009 em y0chiy50 ea
101 0  @achi
102    @aCN@b310000
105    @aa z 000yy
200 1  @a中文版InDesign标准培训教程@9zhong wen ban indesign biao zhun pei xun jiao cheng@f凤舞主编
210    @a上海@c上海科学普及出版社@d2009
215    @a230页@c图@d26cm
300    @a卓越精品电脑图书
330    @a本书共分为12章,前11章涵盖了InDesign CS3的基础知识,内容包括InDesign CS3快速起跑、文件操作与版面设置、颜色的应用与管理、图形的绘制与编辑等,最后一章从图表设计、报纸版式设计、海报设计、DM广告 设计和杂志版式设计等实际应用领域中精选实例,详细介绍其制作步骤。
606 0  @a排版@j教材@x应用软件
606 0  @a应用软件
610 0  @aInDesign
690    @aTS803.23@v4
701  0 @a凤舞工作室@9feng wu gong zuo shi@4主编
801  0 @aCN@b唐山师范学院图书馆@c20151001
905    @aZUCC@dTS803.23@e66
    
    中文版InDesign标准培训教程/凤舞主编.-上海:上海科学普及出版社,2009
    230页:图;26cm
    卓越精品电脑图书
    
    ISBN 978-7-5427-4223-0(平装):CNY23.80
    本书共分为12章,前11章涵盖了InDesign CS3的基础知识,内容包括InDesign CS3快速起跑、文件操作与版面设置、颜色的应用与管理、图形的绘制与编辑等,最后一章从图表设计、报纸版式设计、海报设计、DM广告 设计和杂志版式设计等实际应用领域中精选实例,详细介绍其制作步骤。
●
相关链接 在E读中查询图书 在五车中查询图书 在当当中查询图书 在豆瓣中查询图书


正题名:中文版InDesign标准培训教程     索取号:TS803.23/66         预约/预借

序号 登录号 条形码 馆藏地/架位号 状态 备注
1 905886   209058865   第二样本阅览室/ [索取号:TS803.23/66] 在馆    
2 905887   209058874   第三借阅区/ [索取号:TS803.23/66] 在馆    
3 905888   209058883   第三借阅区/ [索取号:TS803.23/66] 在馆    
4 905889   209058892   第三借阅区/ [索取号:TS803.23/66] 在馆    
5 905890   209058909   第三借阅区/ [索取号:TS803.23/66] 在馆    
唐山师范学院图书馆 欢迎您!
大连网信软件有限公司© 版权所有